Tous les main events de Dynamite en 2024 - Statistiques

Statistiques générales
  • Ce quiz a été pris 4 fois
  • Le résultat moyen est 93 sur 171
Statistiques - réponses
Show Réponse % Correct
08-05-24 - AEW TNT Title No Disqualification Match | 20-03-24 - AEW TNT Title I quit Match | 24-01-24 - Singles match Adam Copeland
100%
28-02-24 - Singles Match Chris Jericho
100%
16-10-24 - Singles Match | 20-03-24 - AEW TNT Title I quit Match Christian Cage
100%
18-12-24 - Six Man Tag Team Match | 24-04-24 - IWGP World Heavyweight Title Match | 25-09-24 - AEW World Title #1 Contendership Match Jon Moxley
100%
18-12-24 - Six Man Tag Team Match | 21-02-24 - Six man Tag team Match | 24-07-24 - Blood And Guts | 31-07-24 - Singles Match Adam Page
75%
21-02-24 - Six man Tag team Match Brian Cage
75%
04-12-24 - Continental Classic Gold League | 08-05-24 - AEW TNT Title No Disqualification Match | 13-11-24 - Full Gear Four Way Contenders series Tag Team | 27-11-24 - Continental Classic Gold League Brody King
75%
02-10-24 - AEW World Title/ AEW Continental Title Match | 07-08-24 - Anything Goes Match | 08-10-24 - Tag Team Match | 22-05-24 - Singles Match Bryan Danielson
75%
11-09-24 - Tag Team Casino Gauntlet | 13-11-24 - Full Gear Four Way Contenders series Tag Team | 21-08-24 - Six-Man Tag Team Match Cash Wheeler
75%
04-09-24 - Six-Man Tag Team Match | 04-12-24 - Continental Classic Gold League | 08-10-24 - Tag Team Match | +3 others Claudio Castagnoli
75%
07-02-24 - AEW World Tag Team Title Tornado Match | 10-01-24 - Tornado Tag team | 21-08-24 - Six-Man Tag Team Match | +4 others Darby Allin
75%
17-01-24 - AEW World Title match | 21-02-24 - Six man Tag team Match Hook
75%
21-08-24 - Six-Man Tag Team Match | 23-10-24 - Six Man Tag Team Match | 24-07-24 - Blood And Guts Jack Perry
75%
16-10-24 - Singles Match | 18-12-24 - Six Man Tag Team Match | 29-05-24 - Forbideen Door Casino Gauntlet Jay White
75%
02-10-24 - AEW World Title/ AEW Continental Title Match | 15-05-24 - AEW Continental Title Match | 17-07-24 - Singles Match | +2 others Kazuchika Okada
75%
04-09-24 - Six-Man Tag Team Match Kyle O'Reilly
75%
13-11-24 - Full Gear Four Way Contenders series Tag Team Malakai Black
75%
01-05-24 - Singles Match | 03-04-24 - Singles Match | 10-07-24 - Owen Hart Women's Tournament Final | 11-12-24 - AEW Women's World Title Match Mariah May
75%
04-09-24 - Six-Man Tag Team Match | 14-02-24 - Texas Death Match | 18-12-24 - Six Man Tag Team Match | +2 others Orange Cassidy
75%
04-09-24 - Six-Man Tag Team Match | 08-10-24 - Tag Team Match | 18-12-24 - Six Man Tag Team Match | +2 others PAC
75%
05-06-24 - AEW World Title Match Roderick Strong
75%
10-04-24 - AEW World Title Eliminator Match | 17-01-24 - AEW World Title match | 21-02-24 - Six man Tag team Match Samoa Joe
75%
03-01-24 - Singles | 05-06-24 - AEW World Title Match | 14-08-24 - Singles Match | +7 others Swerve Strickland
75%
04-09-24 - Six-Man Tag Team Match | 08-10-24 - Tag Team Match | 14-08-24 - Singles Match | +2 others Wheeler Yuta
75%
07-02-24 - AEW World Tag Team Title Tornado Match Big Bill
50%
03-01-24 - Singles | 03-07-24 - AEW International Title Match | 22-12-24 - Continental Classic Blue League | 23-10-24 - Six Man Tag Team Match Daniel Garcia
50%
11-09-24 - Tag Team Casino Gauntlet | 13-11-24 - Full Gear Four Way Contenders series Tag Team | 15-05-24 - AEW Continental Title Match | 21-08-24 - Six-Man Tag Team Match Dax Harwood
50%
06-11-24 - Tag Team Match | 10-01-24 - Tornado Tag team | 18-09-24 - Six Man Tag Team Match | 27-03-24 - AEW World Title #1 contendership Match Konosuke Takeshita
50%
06-03-24 - Singles Match | 06-11-24 - Tag Team Match | 11-09-24 - Tag Team Casino Gauntlet | +3 others Kyle Fletcher
50%
24-07-24 - Blood And Guts Mark Briscoe
50%
18-09-24 - Six Man Tag Team Match | 21-08-24 - Six-Man Tag Team Match | 23-10-24 - Six Man Tag Team Match | 24-07-24 - Blood And Guts Matthew Jackson
50%
18-09-24 - Six Man Tag Team Match | 21-08-24 - Six-Man Tag Team Match | 23-10-24 - Six Man Tag Team Match | 24-07-24 - Blood And Guts Nicholas Jackson
50%
06-11-24 - Tag Team Match | 10-01-24 - Tornado Tag team | 24-04-24 - IWGP World Heavyweight Title Match Powerhouse Hobbs
50%
12-06-24 - AEW International Title Match Rey Fenix
50%
07-02-24 - AEW World Tag Team Title Tornado Match Ricky Starks
50%
06-11-24 - Tag Team Match | 28-08-24 - Singles Match Ricochet
50%
30-10-24 - Singles Match Shelton Benjamin
50%
07-02-24 - AEW World Tag Team Title Tornado Match | 10-01-24 - Tornado Tag team Sting
50%
03-07-24 - AEW International Title Match | 04-09-24 - Six-Man Tag Team Match | 06-03-24 - Singles Match | +6 others Will Ospreay
50%
26-06-24 - Tag Team Match Bishop Kaun
25%
29-05-24 - Forbideen Door Casino Gauntlet Hechicero
25%
11-12-24 - AEW Women's World Title Match Mina Shirakawa
25%
24-01-24 - Singles match Minoru Suzuki
25%
23-10-24 - Six Man Tag Team Match Quen
25%
03-04-24 - Singles Match Thunder Rosa
25%
26-06-24 - Tag Team Match Toa Liona
25%
11-09-24 - Tag Team Casino Gauntlet Truth Magnum
25%
11-09-24 - Tag Team Casino Gauntlet Turbo Floyd
25%
10-07-24 - Owen Hart Women's Tournament Final | 13-03-24 - Singles Match Willow Nightingale
25%
23-10-24 - Six Man Tag Team Match Zay
25%
11-09-24 - Tag Team Casino Gauntlet | 24-07-24 - Blood And Guts Anthony Bowens
0%
28-02-24 - Singles Match Atlantis Jr.
0%
11-09-24 - Tag Team Casino Gauntlet Dante Martin
0%
11-09-24 - Tag Team Casino Gauntlet Darius Martin
0%
10-04-24 - AEW World Title Eliminator Match Dustin Rhodes
0%
11-09-24 - Tag Team Casino Gauntlet Dutch
0%
11-09-24 - Tag Team Casino Gauntlet James Drake
0%
07-08-24 - Anything Goes Match Jeff Jarrett
0%
29-05-24 - Forbideen Door Casino Gauntlet Lio Rush
0%
11-09-24 - Tag Team Casino Gauntlet Mansoor
0%
11-09-24 - Tag Team Casino Gauntlet Mason Madden
0%
11-09-24 - Tag Team Casino Gauntlet | 14-02-24 - Texas Death Match Matt Taven
0%
11-09-24 - Tag Team Casino Gauntlet | 24-07-24 - Blood And Guts Max Caster
0%
11-09-24 - Tag Team Casino Gauntlet Mike Bennett
0%
29-05-24 - Forbideen Door Casino Gauntlet Mistico
0%
13-03-24 - Singles Match Riho
0%
21-02-24 - Six man Tag team Match | 31-01-24 - Hardcore match Rob Van Dam
0%
22-05-24 - Singles Match Satnam Singh
0%
01-05-24 - Singles Match Serena Deeb
0%
29-05-24 - Forbideen Door Casino Gauntlet Shota Umino
0%
11-09-24 - Tag Team Casino Gauntlet Vincent
0%
11-09-24 - Tag Team Casino Gauntlet Zack Gibson
0%
Aucun quiz correspondant
Distribution des résultats
% des personnes avec chaque résultat
Percentile par nombre de réponses
Votre historique - résultats
Vous n’avez pas pris ce quiz